| 000 | 00897nam a2200229 a 4500 | ||
|---|---|---|---|
| 001 | 000016882 | ||
| 005 | 20240510073818.0 | ||
| 008 | 100312s19uu dr a 000 0 spa d | ||
| 040 |
_aDO-SdBNP _bspa _cBNPHU |
||
| 082 |
_a243 _bR789u |
||
| 100 | 1 |
_aRosario, Luis _9427 |
|
| 245 | 1 | 0 |
_aUn tipo cualquiera / _cLuis Rosario. |
| 260 |
_a[Santo Domingo : _bs.n., _c19--?]. |
||
| 300 |
_a148 p. : _bil. ; _c21 cm. |
||
| 505 | 0 |
_gPresentación / _rJuan F. Pepén -- _tCarta a un tipo cualquiera -- _tAquí es que está Dios -- _tSin mala Fe -- _tHogar, ¿Dulce hogar? -- _tMi pueblo es mi pueblo -- _tSin querer queriendo. |
|
| 590 | _aInventariado, 2018/BT | ||
| 650 | 0 |
_aVida cristiana _9668 |
|
| 650 | 4 |
_aEducación cristiana _911641 |
|
| 650 | 4 |
_aDiarios dominicanos _xSecciones, columnas, etc. _944 |
|
| 730 | 0 |
_aListín Diario (República Dominicana) _91199 |
|
| 910 | _aValidado. Control de calidad. EMS | ||
| 999 |
_c16414 _d16414 |
||